<?xml version="1.0" encoding="UTF-8"?>
<record
    xmlns:xsi="http://www.w3.org/2001/XMLSchema-instance"
    xsi:schemaLocation="http://www.loc.gov/MARC21/slim http://www.loc.gov/standards/marcxml/schema/MARC21slim.xsd"
    xmlns="http://www.loc.gov/MARC21/slim">

  <leader>02063    a2200205   4500</leader>
  <controlfield tag="001">17266</controlfield>
  <controlfield tag="005">20260407155459.0</controlfield>
  <controlfield tag="008">260407a1963    arg                 spa d</controlfield>
  <controlfield tag="003">AR-UNSa-BCEJYS</controlfield>
  <datafield tag="040" ind1=" " ind2=" ">
    <subfield code="a">AR-UNSa-BCEJYS</subfield>
    <subfield code="b">spa</subfield>
    <subfield code="c">AR-UNSa-BCEJYS</subfield>
  </datafield>
  <datafield tag="080" ind1=" " ind2=" ">
    <subfield code="a">657.47</subfield>
    <subfield code="x">Contabilidad de Costos</subfield>
  </datafield>
  <datafield tag="245" ind1="1" ind2="0">
    <subfield code="a">Contabilidad de costos</subfield>
    <subfield code="p">principios y pr&#xE1;ctica</subfield>
  </datafield>
  <datafield tag="264" ind1=" " ind2="1">
    <subfield code="a">M&#xE9;xico :</subfield>
    <subfield code="b">Uni&#xF3;n Tipogr&#xE1;fica Editorial Hispano-Americana (UTEHA)</subfield>
    <subfield code="c">1963</subfield>
  </datafield>
  <datafield tag="300" ind1=" " ind2=" ">
    <subfield code="a">866 p.</subfield>
    <subfield code="c">22 cm.</subfield>
  </datafield>
  <datafield tag="505" ind1=" " ind2=" ">
    <subfield code="a">1. Introducci&#xF3;n - 2. Terminolog&#xED;a fundamental de la contabilidad de costos - 3. Ciclo de la contabilidad de costos - 4. Los asientos de contabilidad y el ciclo de la contabilidad de costos - 5. El registro de cuentas por pagar en la contabilidad de costos - 6. Mayores especiales usados en la contabilidad de costos - 7. Control y contabilidad de los materiales - 8. Registros del inventario de materiales - 9. Contabilidad de la mano de obra en la contabilidad de costos - 10. Sistemas de salarios de f&#xE1;brica - 11. Gastos de fabricaci&#xF3;n - 12. Departamentalizaci&#xF3;n de los gastos de f&#xE1;brica - 13. Resumenes de costos y estados financieros - 14. Costos por procesos - 15. Costos por procesos (terminaci&#xF3;n) - 16. Procedimientos aplicados de contabilidad de costos por procesos - 17. El control presupuestario y la contabilidad de costos - 18. Procedimientos de contabilidad de costos estimados - 19. Costos estandar - 20. Procedimientos de contabilidad para costos estandar - 21. Informes para la direcci&#xF3;n, an&#xE1;lisis y control a tr&#xE1;ves de la contabilidad de costos - 22. Presentaci&#xF3;n gr&#xE1;fica de los datos de costos - 23. Costos de no-fabricaci&#xF3;n - 24. Costos de no-fabricaci&#xF3;n (Continuaci&#xF3;n) - 25. Sistema de contabilidad de costos uniforme - 26. Ex&#xE1;men de la contabilidad de costos desde el punto de vista directivo - 27. Ejemplo de costos por ordenes de fabricaci&#xF3;n - 28. Ejemplo de costos por procesos - 29. Ejemplo de costos estandar</subfield>
  </datafield>
  <datafield tag="942" ind1=" " ind2=" ">
    <subfield code="c">BK</subfield>
  </datafield>
  <datafield tag="590" ind1=" " ind2=" ">
    <subfield code="a">niveau_biblio:m niveau_hierar:0</subfield>
  </datafield>
  <datafield tag="100" ind1="1" ind2=" ">
    <subfield code="a">Neuner, John J.W.</subfield>
  </datafield>
  <datafield tag="700" ind1="1" ind2=" ">
    <subfield code="a">Ortiz R., Teodoro</subfield>
  </datafield>
  <datafield tag="999" ind1=" " ind2=" ">
    <subfield code="c">722</subfield>
    <subfield code="d">722</subfield>
  </datafield>
  <datafield tag="952" ind1=" " ind2=" ">
    <subfield code="0">0</subfield>
    <subfield code="1">0</subfield>
    <subfield code="4">0</subfield>
    <subfield code="7">0</subfield>
    <subfield code="a">BCEJYS</subfield>
    <subfield code="b">BCEJYS</subfield>
    <subfield code="c">16</subfield>
    <subfield code="d">2026-04-07</subfield>
    <subfield code="l">0</subfield>
    <subfield code="o">657.47 N494o v.1</subfield>
    <subfield code="p">L20893</subfield>
    <subfield code="r">2026-04-07 15:54:59</subfield>
    <subfield code="w">2026-04-07</subfield>
    <subfield code="y">L</subfield>
  </datafield>
</record>
